Leaders of Poland by Picture - Statistics

General Stats
  • This quiz has been taken 39 times
    11 since last reset
  • The average score is 56 of 95
Answer Stats
Picture Hint Answer % Correct
1990-1995 Lech Wałęsa
100%
2015-2025 Andrzej Duda
91%
1333-1370 Casimir III the Great
91%
1177-1190 | 1190-1194 Casimir II the Just
91%
1039-1058 Casimir I the Restorer
91%
1447-1492 Casimir IV Jagiellon
91%
1384-1399 Jadwiga
91%
1648-1668 John II Casimir Vasa
91%
1674-1696 John III Sobieski
91%
2005-2010 Lech Kaczyński
91%
1944-1947 | 1947-1956 Bolesław Bierut
82%
2010 | 2010-2015 Bronisław Komorowski
82%
1492-1501 John I Albert
82%
1918-1922 Józef Piłsudski
82%
2025-Present Karol Nawrocki
82%
1764-1795 Stanisław August Poniatowski
82%
1705-1709 | 1733-1736 Stanisław Leszczyński
82%
1981-1990 Wojciech Jaruzelski
82%
1995-2005 Aleksander Kwaśniewski
73%
1107-1138 Bolesław III Wrymouth
73%
1288 | 1289 Bolesław II of Masovia
73%
1058-1079 Bolesław II the Bold
73%
1241 Bolesław II the Horned
73%
992-1025 Bolesław I the Brave
73%
1146-1173 Bolesław IV the Curly
73%
1243-1279 Bolesław V the Chaste
73%
1970-1980 Edward Gierek
73%
1922 Gabriel Narutowicz
73%
1926-1939 Ignacy Mościcki
73%
6th Century Lech I
73%
8th Century Lech II
73%
1548-1572 Sigismund II Augustus
73%
1587-1632 Sigismund III Vasa
73%
1943-1948 Władysław Gomułka
73%
1734-1763 Augustus III
64%
1697-1706 | 1709-1733 Augustus II the Strong
64%
1807-1815 Frederick Augustus I of Saxony
64%
960-992 Mieszko I
64%
1173-1177 | 1190 | 1198-1199 | 1199-1202 Mieszko III the Old
64%
1025-1031 | 1032-1034 Mieszko II Lambert
64%
1210-1211 Mieszko IV Tanglefoot
64%
1506-1548 Sigismund I the Old
64%
1386-1434 Władysław II Jagiełło
64%
1632-1648 Władysław IV Vasa
64%
1501-1506 Alexander Jagiellon
55%
1575-1586 Anna Jagiellon
55%
1956 | 1964-1968 Edward Ochab
55%
2010 Grzegorz Schetyna
55%
1574-1575 Henry III of France
55%
1238-1241 Henry II the Pious
55%
1288-1289 | 1289-1290 Henryk IV Probus
55%
1225 | 1232-1238 Henry the Bearded
55%
1370-1382 Louis I of Hungary
55%
1669-1673 Michał Korybut Wiśniowiecki
55%
9th Century Piast the Wheelwright
55%
1290-1296 Przemysł II
55%
1980-1981 Stanisław Kania
55%
1575-1586 Stephen Báthory
55%
1079-1102 Władysław I Herman
55%
1434-1444 Władysław III
55%
1202 | 1227-1229 Władysław III Spindleshanks
55%
1138-1146 Władysław II the Exile
55%
1289 | 1320-1333 Władysław I Łokietek
55%
1102-1107 Zbigniew
55%
1970-1972 Józef Cyrankiewicz
45%
1229-1232 | 1241-1243 Konrad I of Masovia
45%
1279-1288 Leszek II the Black
45%
1194-1198 | 1199 | 1202-1210 | 1211-1225 | 1225-1227 Leszek the White
45%
8th Century Popiel I
45%
9th Century Popiel II
45%
1989-1990 Ryszard Kaczorowski
45%
9th Century Siemowit
45%
1305-1306 Wenceslaus III of Bohemia
45%
1291-1305 Wenceslaus II of Bohemia
45%
1952-1964 Aleksander Zawadzki
36%
1947-1972 August Zaleski
36%
2010 Bogdan Borusewicz
36%
1979-1986 Edward Bernard Raczyński
36%
9th/10th Century Lestek
36%
7th/8th Century Leszko I
36%
8th Century Leszko II
36%
8th Century Leszko III
36%
1968-1970 Marian Spychalski
36%
10th Century Siemomysł
36%
8th Century Wanda
36%
1939-1947 Władysław Raczkiewicz
36%
1986-1989 Kazimierz Sabbat
27%
1922 | 1926 Maciej Rataj
27%
1989-1990 Mieczysław Rakowski
27%
1972-1979 Stanisław Ostrowski
27%
1922-1926 Stanisław Wojciechowski
27%
1947 Franciszek Trąbalski
18%
1972-1985 Henryk Jabłoński
18%
1032 Otto Bolesławowic
18%
1947 Władysław Kowalski
18%
No matching quizzes found
Score Distribution
Percent of People with Each Score
Percentile by Number Answered
Your Score History
You have not taken this quiz since the last reset